Southville International School and Colleges
Your cart is empty.
  • Cart
  • Lists
    Public lists Eva Luna New books Lux_list list_1
    Your lists Log in to create your own lists
  • Log in to your account
  • Your cookies
  • Search history
Southville International School and Colleges
  • Advanced search
  • Recent comments
  • Most popular
  • Libraries

Log in to your account

Log in with GOOGLE


If you do not have an external account, but do have a local account, you can still log in:

  1. Home
  2. MARC view: The crying trees :
Normal view MARC view ISBD view

The crying trees : (Record no. 11675)

[ view plain ]
MARC details
000 -LEADER
fixed length control field 00587nam a22001937a 4500
003 - CONTROL NUMBER IDENTIFIER
control field OSt
005 - DATE AND TIME OF LATEST TRANSACTION
control field 20140310182310.0
008 - FIXED-LENGTH DATA ELEMENTS--GENERAL INFORMATION
fixed length control field 121119t xxu||||| |||| 00| 0 eng d
020 ## - INTERNATIONAL STANDARD BOOK NUMBER
International Standard Book Number 9719217707
050 ## - LIBRARY OF CONGRESS CALL NUMBER
Classification number PZ 7
Item number .W549 2001
082 ## - DEWEY DECIMAL CLASSIFICATION NUMBER
Classification number FIC
Item number W37 2007
100 ## - MAIN ENTRY--PERSONAL NAME
Personal name Weyn, Suzanne
9 (RLIN) 4629
245 ## - TITLE STATEMENT
Title The crying trees :
Remainder of title ang mga punong umiiyak /
Statement of responsibility, etc Mary Ann Ordinario-Floresta ; illustrated by Yasmin S. Ong.
260 ## - PUBLICATION, DISTRIBUTION, ETC. (IMPRINT)
Place of publication, distribution, etc Philippines :
Name of publisher, distributor, etc ABC Educational Development Center,
Date of publication, distribution, etc 2000.
300 ## - PHYSICAL DESCRIPTION
Extent 30 p. ;
Dimensions 25 cm.
650 ## - SUBJECT ADDED ENTRY--TOPICAL TERM
Topical term or geographic name as entry element Fiction
9 (RLIN) 746
942 ## - ADDED ENTRY ELEMENTS (KOHA)
Source of classification or shelving scheme Library of Congress Classification
Koha item type
Holdings
Withdrawn status Lost status Source of classification or shelving scheme Damaged status Home library Current library Shelving location Date acquired Total Checkouts Full call number Barcode Date last seen Copy number Price effective from Koha item type
    Library of Congress Classification   Luxembourg Library Luxembourg Library Fiction Section 09/18/2013   PZ 7 .W549 2001 17839 10/09/2015 1 09/18/2013 Books

The crying trees :

APA

Weyn S., . (2000). The crying trees. Philippines: ABC Educational Development Center.

Chicago

Weyn Suzanne, . 2000. The crying trees. Philippines: ABC Educational Development Center.

Harvard

Weyn S., . (2000). The crying trees. Philippines: ABC Educational Development Center.

MLA

Weyn Suzanne, . The crying trees. Philippines: ABC Educational Development Center. 2000.

  • Place hold
  • Print
  • Cite
  • Add to your cart (remove)
  • Save record
    BIBTEX Dublin Core MARCXML MARC (non-Unicode/MARC-8) MARC (Unicode/UTF-8) MARC (Unicode/UTF-8, Standard) MODS (XML) RIS
  • More searches
    Search for this title in:
    Other Libraries (WorldCat) Other Databases (Google Scholar) Online Stores (Bookfinder.com) Open Library (openlibrary.org)

Exporting to Dublin Core...

SOUTHVILLE LIBRARY

Southville International School and Colleges Library

1281 Tropical Ave. Cor. Luxembourg St., BF Homes International, Las Pinas City

Tel. No. 8256374 / 252358 Loc. 117/146

Powered by Koha